| 000 | 00836cab a2200265 4500 | ||
|---|---|---|---|
| 001 | ABS52201 | ||
| 008 | 090401t xxu||||| |||| 00| 0 eng d | ||
| 035 | _a(Sirsi) u65529 | ||
| 041 | _aeng | ||
| 100 | _aBough, J. | ||
| 245 | _aPesticides and the law | ||
| 260 | _c8(12) Winter 1994/95, 563-569(4) | ||
| 350 | _a0 | ||
| 490 |
_aFarmland Market _v8(12) Winter 1994/95, 563-569(4) |
||
| 520 | _aExamines some of the legal provisions relating to the use and storage of pesticides on farms and the regulations governing food safety and the contamination of water supplies. References. | ||
| 650 |
_aContamination _96231 |
||
| 650 | _aCROP SPRAYING | ||
| 650 | _aFOOD SAFETY | ||
| 650 | _aPESTICIDES | ||
| 650 | _aWATER POLLUTION | ||
| 650 | _aWATER SUPPLY | ||
| 690 | _aRURAL PRACTICE | ||
| 942 | _n0 | ||
| 948 | _c04/03/1997 | ||
| 999 |
_c40862 _d40862 |
||